000 00350nam a2200133Ia 4500
008 240624s9999 xx 000 0 und d
041 _aeng
082 _a338.542 CAS
100 _aCASSIS YOUSSEF
245 _aCRISES AND OPPORTUNITIES THE SHAPING OF
260 _c2013
_aNew Delhi
_bOxford
300 _axvi, : 200 : p. : cm. ; 21
365 _cBPS
_b38
999 _c28205
_d28205